000 00583nam a22001937a 4500
003 0
005 20250429110245.0
008 250426b xxu||||| |||| 00| 0 eng d
020 _a978-621-406-200-3
050 _aHG 4026
_b.P649 2022
100 _aPineda, Ariel Dizon
245 _aBasic financial management
_cAriel Dizon Pineda
260 _aIntramuros, Manila
_bMindshapers, Inc.
_c2022
300 _aviii, 223 pages;
_c25cm.
504 _aIncludes bibliographical references.
650 _aCorporations—Finance.
650 _aFinance—Decision making.
942 _2lcc
_cBK
999 _c367426
_d367426